000 01495nam0a22002651 4500
001 rc\3175824
005 20260407193224.0
021 _aRU
_bРг9971-76
021 _aRU
_b76-48233
035 _a(NLR Aleph) 007310958
090 _a5809466
_c5809466
100 _a20120615d1976 |||y0rusy50 ca
101 0 _arus
102 _aRU
105 _aa z |||||
200 1 _aТиповые проекты организации труда и рабочих мест весовщиков на выпуске полуочищенных подборов (прием и выдача сырья, прием полуочищенных подборов)
_e[Утв. Главнеметаллорудом 22/I 1976 г.]
_fМ-во пром-сти строит. материалов СССР. Главниипроект. Гос. всесоюз. проектный и науч.-исслед. ин-т слюды, асбеста, каолина, талька, графита, полевошпатового сырья и др. неметаллорудных материалов "Гипронинеметаллоруд"
210 _aЛенинград
_cБ. и.
_d1976
215 _a38 с.
_cил.
_d20
320 _aБиблиогр.: с. 37
712 0 1 _aСССР
_bГлавное управление неметаллорудной промышленности
_9751154
_3RU\NLR\AUTH\8810126939
801 0 _aRU
_bNLR
_gpsbo
801 1 _aRU
_bELAR
_2rusmarc
852 _aNLR
_j76-4/24962
942 _cBOOK
980 _aNB